000 00453nam a22001817a 4500
003 OSt
008 250424b |||||||| |||| 00| 0 eng d
020 _a978938953371
100 _aShukla, Prabodh
245 _aPharmacognosy and Phytochemistry-II
250 _a3rd
260 _aDelhi
_bNirali
_c2023
300 _a14.20
650 _aPharmacognosy and Phytochemistry-II
700 _aAlok, Shakshi
700 _aShukla, Padmini
942 _2ddc
_cBK
999 _c13417
_d13417